| 000 | 00783nam a2200241 a 4500 | ||
|---|---|---|---|
| 005 | 20230311063756.0 | ||
| 008 | 150423s2012 mx r 000 0 spa d | ||
| 020 | _a9788433025302 | ||
| 035 | _aUPN01000203007 | ||
| 049 | _aCG | ||
| 050 | 4 |
_aRC952.5 _bB4.2 |
|
| 100 | 1 |
_aBerciano, Ignacio _937251 |
|
| 245 | 1 | 0 |
_aCómo envejecer con dignidad y aprovechamiento / _cIgnacio Berciano. |
| 260 |
_aBilbao, Esp. : _bDesclée de Brouwer, _c2012. |
||
| 300 | _a144 p. | ||
| 440 | 0 |
_aCrecimiento personal ; _v161. _pSerendipity |
|
| 650 | 4 |
_aAncianos _xCuidado _96393 |
|
| 650 | 4 |
_aENVEJECIMIENTO - _xASPECTOS FISIOLOGICOS _96930 |
|
| 650 | 4 |
_aENVEJECIMIENTO - _xASPECTOS PSICOLOGICOS _921534 |
|
| 650 | 4 |
_aENVEJECIMIENTO - _xASPECTOS SOCIALES _96931 |
|
| 905 | _aLibro | ||
| 999 |
_c175108 _d175108 |
||